Science Quiz

Random Science or Biology Quiz

UCI Bio 94 Behavior Quiz Stats

 Plays Quiz not verified by Sporcle

Support Sporcle.
Go Orange.
Score 0/12 Timer 06:00
0 Plays Today
Question Answer % Correct
Three categories of navigation: (1)True Navigation
100%
Three characteristics of FAP's? (1) : No ________________ on how performedvariation
75%
A change in behavior that results from a specific experience in the life of an individual.learning
75%
Highly inflexible behavior patternsFAP
75%
Three characteristics of FAP's? (2) Once action begins it continues upon _______________.completion
75%
Three categories of navigation: (2)Piloting
75%
Three categories of navigation: (3)Compass Orientation
75%
Three characteristics of FAP's?(3) __________ specificspecies
50%
Explains why actions occur.Ultimate causation
25%
Anglerfish using a 'lure' to attract prey is an example of.Deceitful Communication
25%
When an animal is foraging, it is ________________.Searching For Food
25%
A driver stops to help another, unknown motorist change a flat tire. This may be an example of _____.Reciprocal Antruism
0%

You're not logged in!

Compare scores with friends on all Sporcle quizzes.
OR
Log In

From the Vault

Gods and Goddesses: Odd One Out

by WhyAmIDoingThis

Knowing your Greek gods will only get you so far in this quiz.
Remove Ads.
Support Sporcle.
Get the best of Sporcle when you Go Orange. This ad-free experience offers more features, more stats, and more fun while also helping to support Sporcle. Thank you for becoming a member.

Show Comments

Extras

Created Feb 25, 2011ReportNominate
Tags:Biology Quiz, Behavior, uci

Top Quizzes Today


Score Distribution

Your Account Isn't Verified!

In order to create a playlist on Sporcle, you need to verify the email address you used during registration. Go to your Sporcle Settings to finish the process.

Report this User

Report this user for behavior that violates our Community Guidelines.

Details: